| 000 | 00552nam a2200193Ia 4500 | ||
|---|---|---|---|
| 003 | GCL | ||
| 008 | 140319s9999 xx 000 0 eng d | ||
| 040 |
_aGCL / _cGCL |
||
| 082 | 0 | 4 |
_aCC _b932 _bM H |
| 100 | 1 | _aMURRAY, HELEN | |
| 245 | 1 | 0 |
_aA HANDLIST TO HOWARD CARTER'S CATALOGUE OF OBJECTS IN TUTANKAMUN'S TOMB / _cMURRAY, HELEN |
| 700 | 1 | _aNUTTALL, MARY | |
| 260 |
_aانجلترا : _bOXFORD UNIVERSITY PRESS ، _c1963 |
||
| 300 |
_a32 CM ؛ _c22 P |
||
| 650 | 0 | 4 | _aTUTANCHAMON |
| 650 | 0 | 4 | _aEGYPT |
| 650 | 0 | 4 | _aANCIENT EGYPT |
| 942 |
_2ddc _cBK |
||
| 999 |
_c11787 _d11787 |
||